000 005520000a22001810004500
003 MACL
005 20160403130607.0
008 160403b xxu||||| |||| 00| 0 eng d
040 _aMACL
_cMACL
041 _aHindi
082 _a370
100 _aशर्मा जतिन
_950238
245 _aशारीरिक शिक्षा शिक्षण
260 _aनई दिल्‍ली
_bपेपरलिंक पब्लिशिंग
_c2009
350 _a400
650 _aशिक्षा
_950239
942 _cHIN
_k370
_2ddc
999 _c46145
_d46145